000 03040nam a22003257a 4500
001 EPSCPA 0004
003 gtcocun
005 20250820174808.0
006 a||||gr|||| 00| 0
007 ta
008 250820b2015 gt ||||| m||| 00| 0 eng d
040 _agtcocun
_bSPA
_cgtcocun
_eRDA
041 _aSPA EPSCPA 0004
084 _0EPSCPA 0004
100 _aIbarra Flores, Sindy del Rosario
_eAutor
245 _aINFORME FINAL DEL EJERCICIO PROFESIONAL SUPERVISADO REALIZADO EN LA MUNICIPALIDAD DE TACTIC, ALTA VERAPAZ/
_cSindy del Rosario Ibarra Flores.
_hImpreso
264 _aCobán, Alta Verapaz:
_bUniversidad de San Carlos de Guatemala, Centro Universitario del Norte, Carrera de Contaduría Pública y Auditoría
_c2015
300 _a119 p.:
_bIlustraciones, gráficas.
_c28 cm;
336 _2rdacontenido
_aTexto
_btxt
337 _2rdamedio
_aComputadora
_bn
338 _2rdasoporte
_aCódigo en línea
_bcr
502 _eEPSCPA 0004
502 _aTesis de grado
_bCarrera de Contaduría Pública y Auditoría,
_cUniversidad de San Carlos de Guatemala, Centro Universitario del Norte, Carrera de Contaduría Pública y Auditoría
_d2015
_oEPSCPA 0004
520 1 4 _aLa Universidad de San Carlos de Guatemala, a través del Centro Universitario del Norte y la carrera de Contaduría Pública y Auditoría tiene como objetivo llevar a cabo el programa del Ejercicio Profesional Supervisado, basado en el conocimiento de la problemática socioeconómica del país. El presente informe contiene los resultados de las actividades realizadas durante el año 2015 en la Municipalidad de Tactic, Alta Verapaz, el proceso inició con el diagnóstico que permitió evaluar el control interno de la Dirección Financiera Integrada Municipal. El proceso del Ejercicio Profesional Supervisado, incluyó la ejecución de una auditoria especial de caja y bancos de formas oficiales 7-B y 31-B específicamente en la Dirección de Administración Financiera Integrada Municipal (DAFIM). Tomando en cuenta que el control interno es básicamente importante en la administración financiera y gestión de cobros municipales; seevaluó el cumplimiento de los procesos y se realizó un examen crítico de las transacciones hechas, basado en los manuales, leyes y reglamentos. Se realizó la auditoria para minimizar el riesgo en los procesos de gestión de cobros utilizando técnicas y procedimientos en tres (3) etapas: La primera etapa es la de iniciación, en la que incluyó el estudio preliminar de la entidad y la planificación del trabajo, la segunda etapa correspondió a la ejecución y la tercera etapa que fue la preparación y presentación del informe final.
650 1 4 _2LEMB
_aTactic, Alta Verapaz
_xAuditoría
_xMunicipalidad de Tactic
_xDiagnóstico
_xControl interno
_xAuditoría especial de caja y bancos
_xLeyes y reglamentos
700 _eAsesor
856 _uSin archivo en línea
_zSin archivo en línea
942 _2ddc
_cTES
_iEPSCPA 0004
_kClasificación
_n0
_6EPSCPA_0004_000000000000000
999 _c1231
_d1231